Click the Movie Title Ending #5 - with "The" - Statistics

General Stats
  • This quiz has been taken 451 times
  • The average score is 12 of 15
Answer Stats
Hint Answer % Correct
The Hunger Games
99%
The Karate Kid
98%
The Breakfast Club
97%
The Polar Express
96%
The Greatest Showman
95%
The Princess Bride
93%
The Shawshank Redemption
92%
The Blues Brothers
87%
The Little Rascals
80%
The Black Stallion
80%
The Kindergarten Teacher
80%
The Last Airbender
76%
The Florida Project
73%
The Spanish Prisoner
49%
The French Dispatch
46%
No matching quizzes found
Score Distribution
Percent of People with Each Score
Percentile by Number Answered
Your Score History
You have not taken this quiz